1751 1741 1571 1030 1837 1936 1383 1174 1458 1332 1860 1371 1921 1738 1601 1423 1568 1623 1788 1079 1488 1539 1659 1073 1412 1242 1288 1742 1833 1468 1152 1786 1054 1860 1061 1466 1954 1419 1719 1729 1899 1402 1583 1395 1624 1850 1755 1497 1043 1650 1295 1654 1121 1861 1567 1970 1560 1653 1516 1560 1912 1916 1045 1475 1769 1194 1240 1312 1922 1201 1764 1954 1543 1467 1654 1198 1437 1231 1526 1573 1832 1358 1616 1434 1845 1025 1806 1932 1585 1407 1426 1805 1719 1346 1743 1539 1686 1646 1567 BCNSPRNW ULIB Ver.6.0+V

เปลี่ยนเป็นภาษาไทย

Change to English
 แสดงรายละเอียดบรรณานุกรม
  กลับหน้าหลัก

Brief Record : Get Marc (ISO 2709) : E-mail record : QR code < ปิดหน้าต่าง
LEADER : 00000nam 2200000uu 4500
001    13399128892
003     ULIB
008    241025s2023||||th 000 0 tha d
020    ^a9780323793742
060 04 ^aQS17^bN474N
100 1  ^aNetter, Frank H.^q(Frank Henry),^d1906-1991
245 10 ^aNetter atlas of human anatomy Classic Regional Approach /^cFrank H. Netter
250    ^a8th ed.
260    ^aPhiladelphia, PA :^bElsevier,^c2023
300    ^a556, [21], I-46 p. :^bcol. ill. ;^c29 cm.
490 1  ^aNetter basic science
504    ^aIncludes bibliographical references and index
650  0 ^aHuman anatomy^vAtlases
650  0 ^aAnatomy
650  2 ^aAnatomy^vAtlases
650  2 ^aAnatomy
650  2 ^aHumans
830  0 ^aNetter basic science
945    ^p969^l0^i011139
999    ^aประนอม เกษจรัล
รายการนี้ยังไม่มีแท็ก
คุณยังไม่ได้ล็อกอิน คุณสามารถมีกิจกรรมร่วมกับเว็บไซต์ได้ แต่ต้องล็อกอินก่อน ::
  ล็อกอิน

รายการสื่อสารสนเทศ

ลำดับที่ ประเภท เลขเรียก/บาร์โค้ด สถานที่ สถานะ
1. วิทยาศาสตร์การแพทย์ และสุขภาพ
หนังสือสำรอง
สถานะ=หนังสือสำรอง
QS17 N474N ฉ.1 
  Barcode: 011139
ห้องสมุดวิทยาเขตสวรรค์ประชารักษ์
►หนังสือทั่วไป
บนชั้น

รายการใกล้เคียง
    หัวเรื่อง [Anatomy]
    หัวเรื่อง [Anatomy Atlases]
    หัวเรื่อง [Anatomy]

BibComment


ยังไม่เคยถูกคอมเมนท์

คอมเมนท์ทรัพยากรรายการนี้
  คอมเมนท์: Netter atlas of ..


 Copyright 2026. Bcnsprnw @Library